[Event "Berlin Neukoelln op 7th"]
[Site "Berlin"]
[Date "2001.06.08"]
[Round "5"]
[White "Schoenherr, Peter"]
[Black "Fricke, Peter Michael"]
[Result "1-0"]
[WhiteElo "1610"]
[BlackElo "1124"]
[PlyCount "45"]
[EventDate "2001.05.11"]
[EventType "swiss"]
[EventRounds "7"]
[EventCountry "GER"]
[SourceTitle "EXT 2022"]
[Source "ChessBase"]
[SourceDate "2021.10.06"]
[SourceVersion "1"]
[SourceVersionDate "2021.10.06"]
[SourceQuality "1"]

1. d4 d5 2. Nf3 e6 3. e3 Nf6 4. Bd3 Bd6 5. Nbd2 0-0 6. 0-0 c5 7. c3 Nbd7 8. Re1 Nb6 9. e4 cxd4 10. e5 dxc3 11. bxc3 Ng4 12. exd6 Qxd6 13. Bxh7+ Kxh7 14. Ng5+ Kh6 15. Qxg4 f5 16. Qh4+ Kg6 17. Ndf3 Nc4 18. Bf4 Qd8 19. Qh7+ Kf6 20. Ne4+ Kf7 21. Nfg5+ Ke8 22. Qg6+ Kd7 23. Qxe6# 1-0

[Event "Berlin Neukoelln op 7th"]
[Site "Berlin"]
[Date "2001.05.25"]
[Round "3"]
[White "Alihodzic, Ahmo"]
[Black "Fricke, Peter Michael"]
[Result "1-0"]
[WhiteElo "1840"]
[BlackElo "1124"]
[PlyCount "49"]
[EventDate "2001.05.11"]
[EventType "swiss"]
[EventRounds "7"]
[EventCountry "GER"]
[SourceTitle "EXT 2022"]
[Source "ChessBase"]
[SourceDate "2021.10.06"]
[SourceVersion "1"]
[SourceVersionDate "2021.10.06"]
[SourceQuality "1"]

1. e4 e5 2. Nf3 Nc6 3. Bc4 Na5 4. Qe2 h6 5. Nxe5 Nxc4 6. Nxc4 b5 7. Ne3 c6 8. b3 Nf6 9. e5 Nd5 10. Nxd5 cxd5 11. Qxb5 Qe7 12. Qxd5 Rb8 13. 0-0 Kd8 14. Ba3 Qg5 15. Bxf8 Rxf8 16. Qd6 Bb7 17. Qxb8+ Bc8 18. Nc3 f6 19. f4 Qg4 20. Nd5 fxe5 21. Qc7+ Ke8 22. Qxc8+ Kf7 23. fxe5+ Kg6 24. Ne7+ Kh5 25. Qxf8 1-0